=LDR 00000nam 2200000 4500 =001 NUTBA000000000005031 =005 20141016143457.0 =006 =007 =008 =020 ##$$a 978-692-639-3 =035 ##$$a 0010-101400000000261 =040 ##$$a NBPDMAT =090 ##$$a 92 ( Susilo ) $b Sar s =100 ##$$a Sari Pusparini Soleh =245 ##$$a Susilo Bambang Yudhoyono bintang lembah tidas/ $c Oleh, Sari Pusparini Soleh =250 ##$$a Cet.2 =260 ##$$a Bandung : $b Remaja Rosda Karya, $c 2009 =300 ##$$a 48 hlm. : $b ilus. ; $c 29 cm. =500 ##$$a Bibilografi : hlm. 52 =650 ##$$a Susilo Bambang Yudhoyono 1949 =850 ##$$a NBPDMAT